Una teoría sureña /

Uloženo v:
Podrobná bibliografie
Hlavní autor: Connell, Robert William
Další autoři: Carvajal, Diógenes (traductor.)
Médium: Text
Témata:
Tagy: Přidat tag
Žádné tagy, Buďte první, kdo vytvoří štítek k tomuto záznamu!

MARC

LEADER 00000 a a2200000 04500
001 10155
003
040
100 |a Connell, Robert William  
245 |a Una teoría sureña /  |c Robert William Connell ; traducido por Diógenes Carvajal 
650 |a SOCIOLOGIA  
650 |a CONOCIMIENTO  
650 |a IMPERIALISMO  
650 |a RELACIONES NORTE SUR  
700 |a Carvajal, Diógenes   |e traductor.  
773 |g número 20; páginas 36-45  
999 |c 37122  |d 37122